| 000 | 01118cam a2200337 i 4500 | ||
|---|---|---|---|
| 003 | EG-ScBUE | ||
| 005 | 20240612090127.0 | ||
| 008 | 180228t2008 ua a f f001 0 eng d | ||
| 020 | _a9789774162039 | ||
| 040 |
_aEG-ScBUE _beng _erda _cEG-ScBUE _dEG-ScBUE |
||
| 043 | _af-ua--- | ||
| 082 | 0 | 4 |
_222 _a962.16055 _bCAI |
| 245 | 0 | 0 |
_aCairo : _bthe practical guide / _ccompiled by Claire E. Frency ; edited by Lesley Lababidi. |
| 250 | _aSixteenth edition. | ||
| 250 | _aNew revised edition. | ||
| 264 | 1 |
_aCairo ; _aNew York : _bThe American University in Cairo Press, _c[2008] |
|
| 264 | 4 | _cc2008 | |
| 300 |
_axxix, 225 pages : _billustrations ; _c24 cm |
||
| 336 |
_2rdacontent _atext _btxt |
||
| 337 |
_aunmediated _2rdamedia _bn |
||
| 338 |
_avolume _bnc _2rdacarrier |
||
| 500 | _aIncludes index. | ||
| 650 | _2BUEsh | ||
| 651 | 7 |
_2BUEsh _aCairo (Egypt) _vGuidebooks. |
|
| 651 | 7 |
_2BUEsh _aCairo Metropolitan Area (Egypt) _vGuidebooks. |
|
| 653 |
_bGGEN _cFebruary2018 |
||
| 655 | _vReading book | ||
| 700 | 1 |
_aFrency, Claire E., _ecollector. |
|
| 700 | 1 |
_aLababidi, Lesley, _eeditor. _96998 |
|
| 942 |
_2ddc _cBB |
||
| 999 |
_c26203 _d26175 |
||